[Event "Rouen op 9th"]
[Site "Rouen"]
[Date "2016.12.20"]
[Round "6"]
[White "Dorin, Herve"]
[Black "Thery, Arthus"]
[Result "0-1"]
[WhiteElo "1620"]
[BlackElo "1254"]
[PlyCount "124"]
[EventDate "2016.12.17"]
[EventType "swiss"]
[EventRounds "7"]
[EventCountry "FRA"]
[SourceTitle "CBM 176 Extra"]
[Source "ChessBase"]
[SourceDate "2017.03.02"]
[SourceVersion "1"]
[SourceVersionDate "2017.03.02"]
[SourceQuality "1"]

1. e4 e6 2. d4 d5 3. exd5 exd5 4. Nc3 Nf6 5. Bg5 Be7 6. Nf3 0-0 7. Be2 Bf5 8. 0-0 Nc6 9. Re1 a6 10. h3 Re8 11. a3 Qd7 12. Bd3 Bg6 13. Qd2 Bd6 14. Bxf6 gxf6 15. Rxe8+ Rxe8 16. Re1 Rxe1+ 17. Qxe1 Qe6 18. Qxe6 fxe6 19. Bxg6 hxg6 20. Ne2 e5 21. c3 exd4 22. Nfxd4 Nxd4 23. Nxd4 Kf7 24. f3 c5 25. Nc2 Ke6 26. Kf2 Bf4 27. Ke2 Bc1 28. b3 Ke5 29. g3 d4 30. Kd3 dxc3 31. Kxc3 b5 32. a4 Kd5 33. Ne1 Be3 34. Nd3 b4+ 35. Kc2 Kd4 36. g4 Bh6 37. f4 g5 38. f5 Bf8 39. Nb2 Ke3 40. Kd1 Kf3 41. Nd3 Kg3 42. Ke2 Kxh3 43. Nf2+ Kg3 44. Ne4+ Kxg4 45. Nxf6+ Kxf5 46. Nd5 g4 47. Kf2 Bd6 48. Kg2 Ke4 49. Nf6+ Kd3 50. Kf1 g3 51. Kg2 Kc2 52. Ne4 Be7 53. Kxg3 Kxb3 54. Kf3 Kxa4 55. Ke3 c4 56. Kd2 b3 57. Kc1 Bb4 58. Kb1 Ka3 59. Nf2 c3 60. Nd3 c2+ 61. Kc1 Be7 62. Nb2 Bg5# 0-1

[Event "Rouen op 9th"]
[Site "Rouen"]
[Date "2016.12.19"]
[Round "4"]
[White "Dorin, Herve"]
[Black "Delaruelle, Christian"]
[Result "0-1"]
[WhiteElo "1620"]
[BlackElo "1840"]
[PlyCount "100"]
[EventDate "2016.12.17"]
[EventType "swiss"]
[EventRounds "7"]
[EventCountry "FRA"]
[SourceTitle "CBM 176 Extra"]
[Source "ChessBase"]
[SourceDate "2017.03.02"]
[SourceVersion "1"]
[SourceVersionDate "2017.03.02"]
[SourceQuality "1"]

1. e4 e5 2. Nc3 Nc6 3. Bb5 Bc5 4. Nf3 d6 5. d3 a6 6. Bxc6+ bxc6 7. 0-0 Nf6 8. Be3 Bxe3 9. fxe3 0-0 10. Qe1 Re8 11. Qh4 h6 12. Rad1 Be6 13. a3 Rb8 14. b3 Ng4 15. Qe1 d5 16. exd5 cxd5 17. e4 d4 18. Nb1 Ne3 19. Rd2 Nxf1 20. Qxf1 f6 21. Rf2 Qe7 22. a4 Rb6 23. Nbd2 Reb8 24. Nc4 Bxc4 25. dxc4 Qd7 26. Qd3 c5 27. Nh4 Kh7 28. Nf5 g6 29. Nh4 Qg4 30. Nf3 Re8 31. h3 Qe6 32. Nh4 Rf8 33. g4 Rb7 34. Rf3 Rbf7 35. Qf1 Qe7 36. Qf2 f5 37. gxf5 gxf5 38. Nxf5 Qg5+ 39. Kh2 Rxf5 40. Rxf5 Rxf5 41. Qxf5+ Qxf5 42. exf5 e4 43. Kg2 Kg7 44. Kf2 Kf6 45. b4 cxb4 46. c5 Kxf5 47. c6 Ke6 48. c7 Kd7 49. Ke2 Kxc7 50. a5 Kc6 0-1